00551 a2200169 450000500170000001000150001702000290003203500140006103700130007508200170008824500970010525000090020226000450021127000670025630000340032370000240035720211223153828.0 aENG-130549 a978-0-19012473-1c595.00 aEN-114081 bDBAD/PUB a303.60954b1 aViolence Studies:bOxford India Studies In Contemporary Society/cEdited by Kalpana Kambiran a2020 aNew DelhibOxford University Pressc2021 a22 Workspace, 2nd Floor, 1/22 Asaf Ali RoadbNew Delhie110002 avii,396 p.c21cm (pbk)bIndex aKannabiran, Kalpana